[Event "Obert Internacional Artur Pomar 2018"]
[Site "Palma de Mallorca ESP"]
[Date "2018.11.28"]
[Round "3.14"]
[White "Tattersall Rodriguez, Lester"]
[Black "Pons Blanco, Cristobal"]
[Result "1-0"]
[WhiteElo "2258"]
[BlackElo "1874"]
[PlyCount "41"]
[EventDate "2018.11.26"]
[EventType "swiss"]
[EventRounds "7"]
[EventCountry "ESP"]
[SourceTitle "Ajedrez en Madrid"]
[Source "lmi"]
[SourceDate "2018.02.26"]
[SourceVersion "1"]
[SourceVersionDate "2019.07.15"]
[SourceQuality "1"]

1. e4 c5 2. Nf3 g6 3. c3 d5 4. exd5 Qxd5 5. d4 Bg7 6. Na3 cxd4 7. Nb5 Qd8 8.
Bf4 Na6 9. Nbxd4 Nc7 10. Bc4 Nf6 11. Qb3 O-O 12. O-O-O Nd7 13. Bxf7+ Rxf7 14.
Ng5 e6 15. Nxf7 Kxf7 16. Bxc7 Qxc7 17. Nxe6 Bh6+ 18. f4 Nc5 19. Nxc5+ Kg7 20.
Ne6+ Bxe6 21. Qxe6 1-0

[Event "Obert Internacional Artur Pomar 2018"]
[Site "Palma de Mallorca ESP"]
[Date "2018.11.28"]
[Round "3.16"]
[White "Brull Mayol, Cosme"]
[Black "Boix Pons, Catalina"]
[Result "1-0"]
[WhiteElo "2201"]
[BlackElo "1835"]
[PlyCount "43"]
[EventDate "2018.11.26"]
[EventType "swiss"]
[EventRounds "7"]
[EventCountry "ESP"]
[SourceTitle "Ajedrez en Madrid"]
[Source "lmi"]
[SourceDate "2018.02.26"]
[SourceVersion "1"]
[SourceVersionDate "2019.07.15"]
[SourceQuality "1"]

1. Nf3 d5 2. d4 Nf6 3. c4 e6 4. g3 c6 5. Qc2 Bd6 6. Bg2 O-O 7. O-O Nbd7 8. Nbd2
Qe7 9. b3 b6 10. e4 dxe4 11. Nxe4 Nxe4 12. Qxe4 Bb7 13. Bg5 f6 14. Bf4 Bxf4 15.
Qxf4 c5 16. Rad1 cxd4 17. Nxd4 Bxg2 18. Kxg2 Ne5 19. Qe4 Rfe8 20. Rfe1 Rad8 21.
f4 Ng6 22. Nc6 1-0

[Event "Obert Internacional Artur Pomar 2018"]
[Site "Palma de Mallorca ESP"]
[Date "2018.11.28"]
[Round "3.18"]
[White "Rossello Sanchez, Bartolome"]
[Black "Maalla, Abdessadek"]
[Result "0-1"]
[WhiteElo "1604"]
[BlackElo "2085"]
[PlyCount "74"]
[EventDate "2018.11.26"]
[EventType "swiss"]
[EventRounds "7"]
[EventCountry "ESP"]
[SourceTitle "Ajedrez en Madrid"]
[Source "lmi"]
[SourceDate "2018.02.26"]
[SourceVersion "1"]
[SourceVersionDate "2019.07.15"]
[SourceQuality "1"]

1. c4 Nf6 2. d4 g6 3. Nc3 Bg7 4. e4 O-O 5. Nf3 d6 6. Bg5 c5 7. d5 a6 8. Bd3 b5
9. Qc2 b4 10. Ne2 a5 11. O-O a4 12. Rab1 Bg4 13. Ne1 h6 14. Be3 a3 15. f3 Bc8
16. b3 Nbd7 17. f4 Re8 18. Nf3 e6 19. dxe6 Rxe6 20. Ng3 Re8 21. Rbe1 Bb7 22. h3
Ra6 23. Nh2 Qb8 24. Bf2 h5 25. Nf3 Bh6 26. Ng5 Nh7 27. Nxh7 Kxh7 28. Be3 h4 29.
f5 Bg7 30. fxg6+ fxg6 31. Nh5 gxh5 32. e5+ Kh8 33. Rf5 Rxe5 34. Rf7 Nf6 35. Qf2
d5 36. cxd5 Bxd5 37. Bxa6 Bxf7 0-1

[Event "Obert Internacional Artur Pomar 2018"]
[Site "Palma de Mallorca ESP"]
[Date "2018.11.28"]
[Round "3.19"]
[White "Kovalenko, Vladimir N."]
[Black "Matas Artigues, Josep"]
[Result "1-0"]
[WhiteElo "2077"]
[BlackElo "1578"]
[PlyCount "82"]
[EventDate "2018.11.26"]
[EventType "swiss"]
[EventRounds "7"]
[EventCountry "ESP"]
[SourceTitle "Ajedrez en Madrid"]
[Source "lmi"]
[SourceDate "2018.02.26"]
[SourceVersion "1"]
[SourceVersionDate "2019.07.15"]
[SourceQuality "1"]

1. e4 c5 2. Nf3 Nc6 3. c3 Nf6 4. e5 Nd5 5. d4 cxd4 6. cxd4 d6 7. Bc4 dxe5 8.
dxe5 Nb6 9. Bd3 e6 10. Qe2 Bb4+ 11. Nbd2 O-O 12. O-O Re8 13. Nb3 Nd7 14. Rd1
Be7 15. Bf4 a5 16. Rac1 Nb4 17. Bb1 Nd5 18. Bg3 Qb6 19. Nfd4 Nf8 20. h4 h6 21.
Nf5 exf5 22. Rxd5 Be6 23. Rb5 Qa6 24. Bd3 Rac8 25. Rxc8 Rxc8 26. Nd4 Qa7 27.
Nxe6 fxe6 28. Kh2 Bc5 29. Bc4 b6 30. Rb3 Qe7 31. Rf3 Kh8 32. h5 Rd8 33. Rf4 Qf7
34. Bh4 Rd4 35. Rxd4 Bxd4 36. b3 Bc5 37. f4 Qd7 38. Bf2 Qe7 39. Bxc5 Qh4+ 40.
Kg1 bxc5 41. Qf2 Qe7 1-0

[Event "Obert Internacional Artur Pomar 2018"]
[Site "Palma de Mallorca ESP"]
[Date "2018.11.29"]
[Round "4.1"]
[White "Zubov, Alexander"]
[Black "Nagy, Gabor"]
[Result "1/2-1/2"]
[WhiteElo "2597"]
[BlackElo "2464"]
[PlyCount "40"]
[EventDate "2018.11.26"]
[EventType "swiss"]
[EventRounds "7"]
[EventCountry "ESP"]
[SourceTitle "Ajedrez en Madrid"]
[Source "lmi"]
[SourceDate "2018.02.26"]
[SourceVersion "1"]
[SourceVersionDate "2019.07.15"]
[SourceQuality "1"]

1. Nf3 c5 2. c4 Nc6 3. Nc3 Nf6 4. d4 cxd4 5. Nxd4 Qb6 6. e3 e6 7. Be2 Be7 8.
O-O O-O 9. b3 d5 10. Nxc6 Qxc6 11. Bf3 Qc7 12. Nb5 Qa5 13. Bd2 Qb6 14. a4 dxc4
15. bxc4 Qc5 16. Qc2 a6 17. Nd4 Qc7 18. Rfc1 Nd7 19. c5 Ne5 20. Be4 f5 1/2-1/2

[Event "Obert Internacional Artur Pomar 2018"]
[Site "Palma de Mallorca ESP"]
[Date "2018.11.29"]
[Round "4.2"]
[White "Kjartansson, Gudmundur"]
[Black "Aroshidze, Levan"]
[Result "0-1"]
[WhiteElo "2423"]
[BlackElo "2514"]
[PlyCount "72"]
[EventDate "2018.11.26"]
[EventType "swiss"]
[EventRounds "7"]
[EventCountry "ESP"]
[SourceTitle "Ajedrez en Madrid"]
[Source "lmi"]
[SourceDate "2018.02.26"]
[SourceVersion "1"]
[SourceVersionDate "2019.07.15"]
[SourceQuality "1"]

1. e4 c5 2. Nf3 e6 3. d4 cxd4 4. Nxd4 Nc6 5. Nc3 Qc7 6. Be3 a6 7. Qf3 d6 8.
O-O-O Bd7 9. Qg3 Rc8 10. Kb1 Nf6 11. Nxc6 Bxc6 12. f3 b5 13. Bd3 g6 14. Rhe1
Bg7 15. Qh4 O-O 16. Bh6 b4 17. Ne2 a5 18. Bxg7 Kxg7 19. g4 a4 20. g5 Nd7 21. f4
a3 22. f5 Qa5 23. e5 exf5 24. Nd4 Nxe5 25. Bxf5 Nf3 26. Qh6+ Kg8 27. Bxc8 Nxd4
28. Rxd4 b3 29. Qh4 bxc2+ 30. Kxc2 Rxc8 31. Kb1 Bd7 32. Rb4 Bf5+ 33. Ka1 Qc5
34. Qf4 Qc2 35. h4 Be6 36. Qe3 Ra8 0-1

[Event "Obert Internacional Artur Pomar 2018"]
[Site "Palma de Mallorca ESP"]
[Date "2018.11.29"]
[Round "4.3"]
[White "Vasquez Schroeder, Rodrigo"]
[Black "Georgiev, Krum"]
[Result "1-0"]
[WhiteElo "2490"]
[BlackElo "2331"]
[PlyCount "91"]
[EventDate "2018.11.26"]
[EventType "swiss"]
[EventRounds "7"]
[EventCountry "ESP"]
[SourceTitle "Ajedrez en Madrid"]
[Source "lmi"]
[SourceDate "2018.02.26"]
[SourceVersion "1"]
[SourceVersionDate "2019.07.15"]
[SourceQuality "1"]

1. d4 Nf6 2. c4 g6 3. Nf3 Bg7 4. g3 O-O 5. Bg2 d6 6. O-O c6 7. Nc3 a6 8. e4
Nfd7 9. Qe2 b5 10. Rd1 bxc4 11. Qxc4 a5 12. Qe2 Nb6 13. h3 Na6 14. Bf4 Nc7 15.
b3 Ba6 16. Qd2 a4 17. Bh6 axb3 18. axb3 Nd7 19. Bxg7 Kxg7 20. d5 cxd5 21. exd5
Nf6 22. Nd4 Bb7 23. Nc2 Na6 24. b4 Qb6 25. Re1 Rfe8 26. Rab1 Rac8 27. Ne3 Nb8
28. Na4 Qc7 29. Ra1 Ba8 30. Nc3 Qb6 31. b5 Bb7 32. Na4 Qd8 33. Qd4 Nbd7 34. g4
h6 35. h4 Ne5 36. f4 Nfxg4 37. Nxg4 Rc4 38. Qb2 f6 39. Nxe5 dxe5 40. fxe5 Rg4
41. Re4 Rxg2+ 42. Qxg2 Qxd5 43. exf6+ exf6 44. Rg4 Qxb5 45. Rxg6+ Kh7 46. Rg7+
1-0

[Event "Obert Internacional Artur Pomar 2018"]
[Site "Palma de Mallorca ESP"]
[Date "2018.11.29"]
[Round "4.4"]
[White "Juan Mas, Santiago"]
[Black "Planas Gene, Juan"]
[Result "1-0"]
[WhiteElo "2041"]
[BlackElo "1998"]
[PlyCount "101"]
[EventDate "2018.11.26"]
[EventType "swiss"]
[EventRounds "7"]
[EventCountry "ESP"]
[SourceTitle "Ajedrez en Madrid"]
[Source "lmi"]
[SourceDate "2018.02.26"]
[SourceVersion "1"]
[SourceVersionDate "2019.07.15"]
[SourceQuality "1"]

1. e4 e5 2. Nf3 Nc6 3. d4 exd4 4. Bc4 Nf6 5. e5 d5 6. Bb5 Ne4 7. Nxd4 Bc5 8.
Be3 Bd7 9. Bxc6 bxc6 10. O-O O-O 11. f3 Ng5 12. f4 Ne4 13. Nd2 Nxd2 14. Qxd2
Rb8 15. Nb3 Bxe3+ 16. Qxe3 Bf5 17. Qc3 Qd7 18. Rad1 Qe6 19. Nd4 Qd7 20. Nxc6
Rb6 21. Nd4 Be4 22. f5 Qe7 23. f6 Qxe5 24. fxg7 Qxg7 25. Rf2 Rg6 26. Rdd2 Kh8
27. Nb5 Qxc3 28. Nxc3 c6 29. Nxe4 dxe4 30. Rde2 Re6 31. Rf4 f5 32. g4 Rg8 33.
Rxf5 Rxg4+ 34. Kf2 Kg7 35. h3 Rh4 36. Kg3 Reh6 37. Rh2 Kg6 38. Re5 Kf6 39. Rc5
Ke7 40. Rxc6 Rxh3+ 41. Rxh3 Rxc6 42. Rxh7+ Kd8 43. Rh2 Ra6 44. a3 Rb6 45. b3
Kd7 46. Kf4 Re6 47. Re2 Kc6 48. Rxe4 Rh6 49. Rc4+ Kb6 50. Ke3 Rh3+ 51. Kd2 1-0

[Event "Obert Internacional Artur Pomar 2018"]
[Site "Palma de Mallorca ESP"]
[Date "2018.11.29"]
[Round "4.5"]
[White "Minzer, Claudio Javier"]
[Black "Ivanov, Jordan"]
[Result "1/2-1/2"]
[WhiteElo "2437"]
[BlackElo "2367"]
[PlyCount "29"]
[EventDate "2018.11.26"]
[EventType "swiss"]
[EventRounds "7"]
[EventCountry "ESP"]
[SourceTitle "Ajedrez en Madrid"]
[Source "lmi"]
[SourceDate "2018.02.26"]
[SourceVersion "1"]
[SourceVersionDate "2019.07.15"]
[SourceQuality "1"]

1. c4 e5 2. Nc3 Nc6 3. g3 g6 4. Bg2 Bg7 5. Rb1 a5 6. a3 d6 7. d3 Nf6 8. Nf3 O-O
9. O-O Nd4 10. Nd2 c6 11. b4 axb4 12. axb4 d5 13. Bb2 dxc4 14. Nxc4 Nd5 15.
Nxd5 1/2-1/2

[Event "Obert Internacional Artur Pomar 2018"]
[Site "Palma de Mallorca ESP"]
[Date "2018.11.29"]
[Round "4.6"]
[White "Siddharth, Jagadeesh"]
[Black "Gretarsson, Helgi Ass"]
[Result "0-1"]
[WhiteElo "2215"]
[BlackElo "2436"]
[PlyCount "58"]
[EventDate "2018.11.26"]
[EventType "swiss"]
[EventRounds "7"]
[EventCountry "ESP"]
[SourceTitle "Ajedrez en Madrid"]
[Source "lmi"]
[SourceDate "2018.02.26"]
[SourceVersion "1"]
[SourceVersionDate "2019.07.15"]
[SourceQuality "1"]

1. d4 Nf6 2. c4 c6 3. Nf3 d5 4. g3 Bf5 5. Bg2 e6 6. O-O Nbd7 7. Nc3 h6 8. Qb3
Qb6 9. c5 Qa6 10. Nd2 b6 11. cxb6 Qxb6 12. Qa4 Bb4 13. e4 Bxc3 14. bxc3 Nxe4
15. Bxe4 Bxe4 16. Nxe4 dxe4 17. Ba3 Qb5 18. Qd1 Qa5 19. Bd6 Qd5 20. Ba3 h5 21.
Qe2 Nb6 22. Rad1 Nc4 23. Bc5 f5 24. Rb1 Kf7 25. Rb7+ Kg6 26. Rfb1 Ne5 27. h4
Nf3+ 28. Kg2 f4 29. Rd7 Nxh4+ 0-1

[Event "Obert Internacional Artur Pomar 2018"]
[Site "Palma de Mallorca ESP"]
[Date "2018.11.29"]
[Round "4.7"]
[White "Baklanova, Tatiana"]
[Black "Alonso Bouza, Julio Javier"]
[Result "0-1"]
[WhiteElo "2196"]
[BlackElo "2396"]
[PlyCount "58"]
[EventDate "2018.11.26"]
[EventType "swiss"]
[EventRounds "7"]
[EventCountry "ESP"]
[SourceTitle "Ajedrez en Madrid"]
[Source "lmi"]
[SourceDate "2018.02.26"]
[SourceVersion "1"]
[SourceVersionDate "2019.07.15"]
[SourceQuality "1"]

1. d4 Nf6 2. c4 c5 3. d5 b5 4. cxb5 a6 5. b6 e6 6. Nc3 Nxd5 7. Nxd5 exd5 8.
Qxd5 Nc6 9. e4 Be7 10. Nf3 Rb8 11. Ne5 Nxe5 12. Qxe5 Rxb6 13. Qxg7 Bf6 14. Qg3
Qe7 15. Be2 Be5 16. Qd3 Bb7 17. f3 Qh4+ 18. Kf1 Rg6 19. Be3 Rhg8 20. Bxc5 Qg5
21. g3 Bxg3 22. hxg3 Qxc5 23. Rd1 Bc6 24. Qd4 Qg5 25. Rh3 d6 26. Qd2 Bd7 27.
Qxg5 Bxh3+ 28. Kg1 Rxg5 29. g4 h5 0-1

[Event "Obert Internacional Artur Pomar 2018"]
[Site "Palma de Mallorca ESP"]
[Date "2018.11.29"]
[Round "4.8"]
[White "Julio, Joao Manuel Dos San"]
[Black "Szabo, Bence"]
[Result "1/2-1/2"]
[WhiteElo "2096"]
[BlackElo "2373"]
[PlyCount "65"]
[EventDate "2018.11.26"]
[EventType "swiss"]
[EventRounds "7"]
[EventCountry "ESP"]
[SourceTitle "Ajedrez en Madrid"]
[Source "lmi"]
[SourceDate "2018.02.26"]
[SourceVersion "1"]
[SourceVersionDate "2019.07.15"]
[SourceQuality "1"]

1. e4 c5 2. Nf3 d6 3. d4 cxd4 4. Nxd4 Nf6 5. Nc3 a6 6. a4 e5 7. Nb3 b6 8. Bd3
Be7 9. O-O O-O 10. Nd5 Nxd5 11. exd5 Nd7 12. f4 Bb7 13. c4 a5 14. Kh1 Rc8 15.
Be3 Bf6 16. Rc1 exf4 17. Bxf4 Ne5 18. Nd4 g6 19. Be2 Re8 20. b3 Bg5 21. Qd2
Bxf4 22. Qxf4 Rc7 23. Rc3 Bc8 24. Rg3 f5 25. Bd3 Kg7 26. Bb1 Bd7 27. h3 g5 28.
Qd2 f4 29. Rc3 Qf6 30. Nf3 Nf7 31. Qd4 Qxd4 32. Nxd4 Re5 33. Rcc1 1/2-1/2

[Event "Obert Internacional Artur Pomar 2018"]
[Site "Palma de Mallorca ESP"]
[Date "2018.11.29"]
[Round "4.9"]
[White "Genocchio, Daniele"]
[Black "Brull Mayol, Cosme"]
[Result "1-0"]
[WhiteElo "2364"]
[BlackElo "2201"]
[PlyCount "45"]
[EventDate "2018.11.26"]
[EventType "swiss"]
[EventRounds "7"]
[EventCountry "ESP"]
[SourceTitle "Ajedrez en Madrid"]
[Source "lmi"]
[SourceDate "2018.02.26"]
[SourceVersion "1"]
[SourceVersionDate "2019.07.15"]
[SourceQuality "1"]

1. c4 Nf6 2. Nc3 e6 3. e4 d5 4. e5 d4 5. exf6 dxc3 6. bxc3 Qxf6 7. d4 e5 8. Nf3
exd4 9. Bg5 Qe6+ 10. Be2 Be7 11. Bxe7 Qxe7 12. cxd4 Qb4+ 13. Kf1 O-O 14. Rb1
Qd6 15. h3 Nc6 16. Rb3 b6 17. Re3 Bb7 18. d5 Ne7 19. Bd3 Rad8 20. Ne5 Ng6 21.
Qh5 h6 22. Nxf7 Rxf7 23. Qxg6 1-0

[Event "Obert Internacional Artur Pomar 2018"]
[Site "Palma de Mallorca ESP"]
[Date "2018.11.29"]
[Round "4.10"]
[White "Pogorelov, Ruslan"]
[Black "Kovalenko, Vladimir N."]
[Result "1-0"]
[WhiteElo "2347"]
[BlackElo "2077"]
[PlyCount "27"]
[EventDate "2018.11.26"]
[EventType "swiss"]
[EventRounds "7"]
[EventCountry "ESP"]
[SourceTitle "Ajedrez en Madrid"]
[Source "lmi"]
[SourceDate "2018.02.26"]
[SourceVersion "1"]
[SourceVersionDate "2019.07.15"]
[SourceQuality "1"]

1. Nf3 Nf6 2. c4 g6 3. Nc3 Bg7 4. e4 d6 5. d4 O-O 6. Be2 e5 7. O-O exd4 8. Nxd4
Re8 9. f3 Nc6 10. Be3 Nh5 11. Qd2 Nf4 12. Rfd1 Nxd4 13. Bxd4 Bxd4+ 14. Qxd4 1-0

[Event "Obert Internacional Artur Pomar 2018"]
[Site "Palma de Mallorca ESP"]
[Date "2018.11.29"]
[Round "4.11"]
[White "Nikolaev, Leonid"]
[Black "Gjestemoen-Vonhirsch, Andre"]
[Result "1-0"]
[WhiteElo "2284"]
[BlackElo "1993"]
[PlyCount "71"]
[EventDate "2018.11.26"]
[EventType "swiss"]
[EventRounds "7"]
[EventCountry "ESP"]
[SourceTitle "Ajedrez en Madrid"]
[Source "lmi"]
[SourceDate "2018.02.26"]
[SourceVersion "1"]
[SourceVersionDate "2019.07.15"]
[SourceQuality "1"]

1. Nf3 d5 2. c4 d4 3. g3 c5 4. b4 cxb4 5. a3 bxa3 6. Bxa3 Nc6 7. d3 g6 8. Bg2
Bg7 9. O-O Nf6 10. Nbd2 O-O 11. Qa4 Qc7 12. Rfb1 Bd7 13. Qc2 Rfb8 14. Nb3 e5
15. Nc5 Bc8 16. Qa4 Bf8 17. Ng5 Bxc5 18. Bxc5 Bd7 19. Qa3 Ne8 20. Bd5 b6 21.
Bxf7+ Kh8 22. Bxb6 Qd6 23. Qxd6 Nxd6 24. Bc7 Rxb1+ 25. Rxb1 Ne8 26. Bxe8 Bxe8
27. Rb7 a5 28. Bd6 h5 29. Ne4 a4 30. Nf6 Ra7 31. Rxa7 Nxa7 32. Nxe8 Nc6 33. Nc7
Kg7 34. Nd5 Kh6 35. Nb6 Kg5 36. Nxa4 1-0

[Event "Obert Internacional Artur Pomar 2018"]
[Site "Palma de Mallorca ESP"]
[Date "2018.11.29"]
[Round "4.13"]
[White "Aderito, Pedro"]
[Black "Rodriguez Sanchez, Rafael"]
[Result "1-0"]
[WhiteElo "2262"]
[BlackElo "1847"]
[PlyCount "117"]
[EventDate "2018.11.26"]
[EventType "swiss"]
[EventRounds "7"]
[EventCountry "ESP"]
[SourceTitle "Ajedrez en Madrid"]
[Source "lmi"]
[SourceDate "2018.02.26"]
[SourceVersion "1"]
[SourceVersionDate "2019.07.15"]
[SourceQuality "1"]

1. e4 c5 2. Nf3 g6 3. Bc4 Bg7 4. O-O Nf6 5. e5 Ng4 6. d4 d5 7. Bb5+ Nc6 8. h3
Nh6 9. dxc5 O-O 10. Nc3 Be6 11. Bxc6 bxc6 12. a3 Qc7 13. Re1 Rfb8 14. Rb1 Bc8
15. Bf4 e6 16. g4 Kh8 17. Qd2 Ng8 18. b4 Ba6 19. Nd4 Bc4 20. Kg2 a5 21. h4 h6
22. Bg3 axb4 23. axb4 Rb7 24. Nd1 Ra3 25. Ne3 Ba6 26. f4 Qd7 27. c3 Ne7 28. h5
Ra7 29. hxg6 fxg6 30. Rh1 Bc4 31. Rb2 Ra1 32. Rxa1 Rxa1 33. Ndc2 Ra7 34. Nxc4
dxc4 35. Qxd7 Rxd7 36. Nd4 Nd5 37. Nxc6 Nxc3 38. Rc2 Nd5 39. Kf3 Nc7 40. Rxc4
Rd3+ 41. Kg2 Rb3 42. Nd4 Rb2+ 43. Kf3 Kg8 44. f5 Kf7 45. fxg6+ Kxg6 46. b5 Nxb5
47. Nxe6 Rb3+ 48. Kg2 Rxg3+ 49. Kxg3 Bxe5+ 50. Kf3 Kf6 51. Rb4 Nc3 52. Nd8 Bc7
53. Rd4 Ke7 54. Nc6+ Ke6 55. Nb4 Nb5 56. Rd3 Be5 57. Nc6 Bf6 58. Ke4 Nc3+ 59.
Kf3 1-0

[Event "Obert Internacional Artur Pomar 2018"]
[Site "Palma de Mallorca ESP"]
[Date "2018.11.29"]
[Round "4.14"]
[White "Gaitan Moyano, Juan"]
[Black "Sayrol Clols, Josep Maria"]
[Result "0-1"]
[WhiteElo "1980"]
[BlackElo "2073"]
[PlyCount "59"]
[EventDate "2018.11.26"]
[EventType "swiss"]
[EventRounds "7"]
[EventCountry "ESP"]
[SourceTitle "Ajedrez en Madrid"]
[Source "lmi"]
[SourceDate "2018.02.26"]
[SourceVersion "1"]
[SourceVersionDate "2019.07.15"]
[SourceQuality "1"]

1. e4 c5 2. Nf3 Nc6 3. d4 cxd4 4. Nxd4 e5 5. Nb5 d6 6. N1c3 a6 7. Na3 b5 8. Nd5
Be7 9. c3 Nf6 10. Be3 Rb8 11. Bd3 O-O 12. O-O Kh8 13. c4 bxc4 14. Nxc4 Nxd5 15.
exd5 Nb4 16. Be2 a5 17. a3 Na6 18. Qa4 f5 19. f4 exf4 20. Bxf4 Nc5 21. Qxa5
Qxa5 22. Nxa5 Rxb2 23. Bf3 Nd3 24. Nc4 Nxf4 25. Nxb2 Bf6 26. Rab1 Ba6 27. Rfd1
g5 28. g3 Nh3+ 29. Kh1 g4 30. Bg2 0-1

[Event "Obert Internacional Artur Pomar 2018"]
[Site "Palma de Mallorca ESP"]
[Date "2018.11.29"]
[Round "4.16"]
[White "Lazarte Anello, David Emiliano"]
[Black "Perez Gandesa, Jose Antonio"]
[Result "1-0"]
[WhiteElo "2097"]
[BlackElo "1833"]
[PlyCount "54"]
[EventDate "2018.11.26"]
[EventType "swiss"]
[EventRounds "7"]
[EventCountry "ESP"]
[SourceTitle "Ajedrez en Madrid"]
[Source "lmi"]
[SourceDate "2018.02.26"]
[SourceVersion "1"]
[SourceVersionDate "2019.07.15"]
[SourceQuality "1"]

1. e4 d5 2. exd5 Nf6 3. d4 Bg4 4. Be2 Bxe2 5. Qxe2 Qxd5 6. Nf3 Nc6 7. c3 O-O-O
8. O-O h6 9. Nbd2 e6 10. Nc4 Qh5 11. Bf4 Nd5 12. Bg3 g5 13. Rad1 Re8 14. Ne3
Nxe3 15. fxe3 Bg7 16. b4 Rhf8 17. Qc4 f5 18. b5 f4 19. Bxf4 gxf4 20. bxc6 e5
21. Qb5 bxc6 22. Qxc6 e4 23. Nd2 Rf6 24. Qc4 f3 25. Rf2 Rg6 26. Nf1 Qh3 27. Ng3
Qg4 1-0

[Event "Obert Internacional Artur Pomar 2018"]
[Site "Palma de Mallorca ESP"]
[Date "2018.11.29"]
[Round "4.17"]
[White "Gonchar, Svitlana"]
[Black "Amengual Perello, Jordi"]
[Result "0-1"]
[WhiteElo "1749"]
[BlackElo "1913"]
[PlyCount "44"]
[EventDate "2018.11.26"]
[EventType "swiss"]
[EventRounds "7"]
[EventCountry "ESP"]
[SourceTitle "Ajedrez en Madrid"]
[Source "lmi"]
[SourceDate "2018.02.26"]
[SourceVersion "1"]
[SourceVersionDate "2019.07.15"]
[SourceQuality "1"]

1. d4 Nf6 2. c4 e6 3. Nc3 Bb4 4. Qc2 d5 5. Bg5 h6 6. Bxf6 Qxf6 7. e3 Nd7 8. Nf3
O-O 9. Bd3 dxc4 10. Bxc4 c5 11. O-O cxd4 12. Ne4 Qe7 13. Nxd4 Ne5 14. Be2 f5
15. Nd2 Bd7 16. N2f3 Nxf3+ 17. Bxf3 e5 18. Bd5+ Kh8 19. Nf3 Rab8 20. a3 Bd6 21.
b4 e4 22. Nd4 Qe5 0-1

[Event "Obert Internacional Artur Pomar 2018"]
[Site "Palma de Mallorca ESP"]
[Date "2018.11.29"]
[Round "4.19"]
[White "Penas Fuster, Jaime"]
[Black "Osipova, Aliona"]
[Result "1-0"]
[WhiteElo "1920"]
[BlackElo "1641"]
[PlyCount "23"]
[EventDate "2018.11.26"]
[EventType "swiss"]
[EventRounds "7"]
[EventCountry "ESP"]
[SourceTitle "Ajedrez en Madrid"]
[Source "lmi"]
[SourceDate "2018.02.26"]
[SourceVersion "1"]
[SourceVersionDate "2019.07.15"]
[SourceQuality "1"]

1. d4 Nf6 2. c4 e6 3. g3 d5 4. Bg2 c6 5. Nf3 Bd6 6. Nc3 O-O 7. O-O Re8 8. e4
Nxe4 9. Nxe4 dxe4 10. Ng5 f5 11. Qh5 h6 12. Nf7 1-0

[Event "Obert Internacional Artur Pomar 2018"]
[Site "Palma de Mallorca ESP"]
[Date "2018.11.29"]
[Round "4.20"]
[White "Matas Artigues, Josep"]
[Black "Myronenko, Natalya"]
[Result "0-1"]
[WhiteElo "1578"]
[BlackElo "1898"]
[PlyCount "55"]
[EventDate "2018.11.26"]
[EventType "swiss"]
[EventRounds "7"]
[EventCountry "ESP"]
[SourceTitle "Ajedrez en Madrid"]
[Source "lmi"]
[SourceDate "2018.02.26"]
[SourceVersion "1"]
[SourceVersionDate "2019.07.15"]
[SourceQuality "1"]

1. d4 d5 2. c4 e6 3. Nf3 Nf6 4. g3 Be7 5. Bg2 O-O 6. O-O c6 7. Qc2 Nbd7 8. b3
Ne4 9. Nfd2 f5 10. f3 Nd6 11. f4 h5 12. h4 Nf6 13. Nc3 Nde4 14. Ndxe4 fxe4 15.
e3 Bd7 16. Ne2 Ng4 17. Bd2 Bxh4 18. Bh3 Bf6 19. Bxg4 hxg4 20. Bb4 Re8 21. Kg2
b6 22. Bc3 Rc8 23. c5 Qe7 24. b4 Rb8 25. Rh1 Bc8 26. Rh2 Ba6 27. Rah1 bxc5 28.
bxc5 0-1

[Event "Obert Internacional Artur Pomar 2018"]
[Site "Palma de Mallorca ESP"]
[Date "2018.11.29"]
[Round "4.21"]
[White "Pons Blanco, Cristobal"]
[Black "Rossello Sanchez, Bartolome"]
[Result "1/2-1/2"]
[WhiteElo "1874"]
[BlackElo "1604"]
[PlyCount "72"]
[EventDate "2018.11.26"]
[EventType "swiss"]
[EventRounds "7"]
[EventCountry "ESP"]
[SourceTitle "Ajedrez en Madrid"]
[Source "lmi"]
[SourceDate "2018.02.26"]
[SourceVersion "1"]
[SourceVersionDate "2019.07.15"]
[SourceQuality "1"]

1. Nf3 f5 2. d4 Nf6 3. Bf4 e6 4. h3 b6 5. e3 Bb7 6. Nbd2 Be7 7. Bd3 c5 8. Qe2
Nc6 9. c3 O-O 10. O-O-O cxd4 11. exd4 Rc8 12. Kb1 Na5 13. Rhg1 Nd5 14. Bh2 Rxc3
15. Bc4 Nxc4 16. Nxc4 Ba6 17. Nfd2 b5 18. Ne3 Nxe3 19. fxe3 Rc6 20. d5 b4 21.
Qf3 Bd3+ 22. Ka1 Ra6 23. Nb3 Bc2 24. Qe2 Bxd1 25. Qxa6 Bxb3 26. axb3 exd5 27.
Rc1 Qb6 28. Qxb6 axb6 29. Rc7 Rd8 30. Rb7 Bc5 31. Bc7 Ra8+ 32. Kb1 Ra6 33. Be5
d6 34. Bxg7 Bxe3 35. Bf6 d4 36. Rg7+ Kf8 1/2-1/2

[Event "Obert Internacional Artur Pomar 2018"]
[Site "Palma de Mallorca ESP"]
[Date "2018.11.29"]
[Round "4.22"]
[White "Boix Pons, Catalina"]
[Black "Canyelles Sureda, Joan"]
[Result "1-0"]
[WhiteElo "1835"]
[BlackElo "1426"]
[PlyCount "41"]
[EventDate "2018.11.26"]
[EventType "swiss"]
[EventRounds "7"]
[EventCountry "ESP"]
[SourceTitle "Ajedrez en Madrid"]
[Source "lmi"]
[SourceDate "2018.02.26"]
[SourceVersion "1"]
[SourceVersionDate "2019.07.15"]
[SourceQuality "1"]

1. d4 d5 2. c4 e6 3. Nc3 Nf6 4. Nf3 Be7 5. Bg5 O-O 6. e3 Nbd7 7. Rc1 b6 8. cxd5
exd5 9. Bd3 Re8 10. Bb5 Bb7 11. Bxf6 Bxf6 12. Qa4 Bc8 13. Bc6 Rb8 14. Qxa7 g6
15. Nxd5 Bg7 16. O-O Rf8 17. Qxc7 Qxc7 18. Nxc7 Nf6 19. Nd5 Be6 20. Nxf6+ Bxf6
21. d5 1-0